000 00349nam a2200133Ia 4500
008 240624s9999 xx 000 0 und d
041 _aeng
082 _a153.42 TAH
100 _aTAHER NASREEN
245 _aCRITICAL THINKING CONCEPTS AND APPLICATI
260 _c2006
_aHyderabad
_bICFAI press
300 _av, : 178 : p. : cm. ; 23
365 _cRS
_b50
999 _c6433
_d6433